La situación de la economía mundial (Registro nro. 25385)

Detalles MARC
000 -LEADER
fixed length control field 00328 a2200109 4500
001 - CONTROL NUMBER
control field ART_11212
005 - DATE AND TIME OF LATEST TRANSACTION
control field 20260410161855.0
008 - FIXED-LENGTH DATA ELEMENTS--GENERAL INFORMATION
fixed length control field 260409a
100 1# - MAIN ENTRY--PERSONAL NAME
Personal name De Larosiere, Jacques
245 10 - TITLE STATEMENT
Title La situación de la economía mundial
773 0# - HOST ITEM ENTRY
Title Revista de Economía
Related parts - Nº 38/39 (sep./dic. 1983)
Record control number REV11077

No hay ítems disponibles.